000 00619nam a22001937a 4500
003 OSt
005 20260423034021.0
008 260423b |||||||| |||| 00| 0 eng d
020 _a971-8970-97-5
040 _aDWC-Main Lib.
_cOC
082 _aRes. 392 T341 2000
100 _aSilverio, Julio F.
245 _aTheir customs and beliefs:
_bsome insights on a people who live as though in a garden of Eden : book one/
_cJulio F. Silverio
250 _a1st ed.
260 _bM & L Licudine enterprises
300 _aiii, 254 p. ;
_c18 cm.
650 _a1. Manners and Customs
942 _2ddc
_cBK-0 CIRC
_hRes.
_n0
999 _c9777
_d9777